000 00202 a2200097 4500
001 20536
100 _aMorgan J S
245 _aWhite Collarr blacks
260 _a
_bA M A Inc
_c
090 _c14931
_d14931
942 _aNUST-CAE
_cM
_c5482
999 _c255609
_d255609